[Event "Dr. Hetenyi Geza Memorial, GMB"]
[Site "Budapest"]
[Date "2017.12.18"]
[Round "6.1"]
[White "Galyas, Miklos"]
[Black "Gonda, Laszlo"]
[Result "1/2-1/2"]
[WhiteElo "2480"]
[BlackElo "2507"]
[PlyCount "55"]
[EventDate "2017.12.12"]
[EventType "tourn"]
[EventRounds "9"]
[EventCountry "HUN"]
[EventCategory "8"]

1. d4 d5 2. c4 c6 3. Nf3 Nf6 4. Nc3 e6 5. cxd5 exd5 6. Qc2 Be7 7. Bg5 g6 8. e3
Bf5 9. Bd3 Bxd3 10. Qxd3 Nbd7 11. Bh6 Ng4 12. Bf4 O-O 13. h3 Ngf6 14. O-O Re8
15. Rab1 a5 16. Nd2 Nb6 17. Rfc1 Bd6 18. Bxd6 Qxd6 19. b3 Nbd7 20. Na4 Re7 21.
Nc5 Nxc5 22. Rxc5 Nd7 23. Rc3 Nf6 24. Rc5 Nd7 25. Rcc1 Nf6 26. Rc5 Nd7 27. Rcc1
Nf6 28. Rc5 1/2-1/2

[Event "Dr. Hetenyi Geza Memorial, GMB"]
[Site "Budapest"]
[Date "2017.12.18"]
[Round "6.2"]
[White "Paschall, William"]
[Black "Sedlak, Nikola"]
[Result "0-1"]
[WhiteElo "2370"]
[BlackElo "2552"]
[PlyCount "96"]
[EventDate "2017.12.12"]
[EventType "tourn"]
[EventRounds "9"]
[EventCountry "HUN"]
[EventCategory "8"]

1. Nf3 d5 2. g3 Nc6 3. d4 Bf5 4. c4 e5 5. Bg2 dxc4 6. d5 Nb4 7. Nh4 Bc2 8. Qd2
Bxb1 9. Rxb1 Nxa2 10. O-O Nxc1 11. Rfxc1 Bd6 12. Nf5 g6 13. Nxd6+ cxd6 14. Rxc4
Nf6 15. Qh6 Rg8 16. Qd2 Kf8 17. Rbc1 Kg7 18. Qb4 Rb8 19. Rc7 Re8 20. Rxb7 Rxb7
21. Qxb7 Re7 22. Qa6 Qb8 23. Rc2 Qb4 24. e3 Rb7 25. h3 Rb5 26. Kh2 Ra5 27. Qc4
Qe1 28. Qc3 Qxc3 29. Rxc3 Rb5 30. Rc2 Nxd5 31. Bxd5 Rxd5 32. Rc7 a5 33. Kg2 Rb5
34. Ra7 Kf6 35. g4 h5 36. gxh5 gxh5 37. Kg3 Ke6 38. Ra8 f5 39. b3 Kd5 40. Rh8
Rxb3 41. Rxh5 Ke4 42. f3+ Kxe3 43. Rxf5 a4 44. Rf8 Ke2 45. Kg2 Rb7 46. f4 e4
47. f5 Rg7+ 48. Kh2 Ra7 0-1

[Event "Dr. Hetenyi Geza Memorial, GMB"]
[Site "Budapest"]
[Date "2017.12.18"]
[Round "6.3"]
[White "Martini, Balazs"]
[Black "Jakab, Attila"]
[Result "1/2-1/2"]
[WhiteElo "2345"]
[BlackElo "2358"]
[PlyCount "30"]
[EventDate "2017.12.12"]
[EventType "tourn"]
[EventRounds "9"]
[EventCountry "HUN"]
[EventCategory "8"]

1. e4 e5 2. Nf3 Nc6 3. Bb5 a6 4. Bxc6 dxc6 5. O-O Bg4 6. h3 h5 7. c3 Qd3 8.
hxg4 hxg4 9. Nxe5 Bd6 10. Nxd3 Bh2+ 11. Kh1 Bf4+ 12. Kg1 Bh2+ 13. Kh1 Bf4+ 14.
Kg1 Bh2+ 15. Kh1 Be5+ 1/2-1/2

[Event "Dr. Hetenyi Geza Memorial, GMB"]
[Site "Budapest"]
[Date "2017.12.18"]
[Round "6.4"]
[White "Czebe, Attila"]
[Black "Sredojevic, Ivan"]
[Result "1-0"]
[WhiteElo "2451"]
[BlackElo "2376"]
[PlyCount "107"]
[EventDate "2017.12.12"]
[EventType "tourn"]
[EventRounds "9"]
[EventCountry "HUN"]
[EventCategory "8"]

1. Nf3 Nf6 2. g3 g6 3. b4 Bg7 4. Bb2 O-O 5. Bg2 c6 6. a4 d5 7. O-O Na6 8. b5
Nc5 9. d3 cxb5 10. axb5 b6 11. Nbd2 Bb7 12. Nd4 Qd7 13. Ra2 a6 14. bxa6 Bxa6
15. N4f3 Bb7 16. Rxa8 Rxa8 17. Qb1 Na4 18. Bd4 Rc8 19. Qb3 Qc6 20. Qb4 Nc3 21.
Bxc3 Qxc3 22. Qxe7 Ba8 23. Nb3 Re8 24. Qa7 Qxc2 25. Nfd4 Qb2 26. Qxb6 h5 27. h3
h4 28. g4 Nxg4 29. hxg4 Bxd4 30. Qxd4 Qxb3 31. Rc1 Qb8 32. e3 Rc8 33. Rxc8+
Qxc8 34. Kh2 Qe6 35. Qf4 Bc6 36. g5 d4 37. exd4 Bxg2 38. Kxg2 h3+ 39. Kh2 Qd5
40. Kxh3 Qh1+ 41. Kg4 Qg2+ 42. Qg3 Qd5 43. Qe3 Qg2+ 44. Qg3 Qd5 45. Qb8+ Kh7
46. Qf4 Qg2+ 47. Qg3 Qd5 48. Qe3 Qg2+ 49. Kf4 Kg7 50. d5 Qh2+ 51. Ke4 Kf8 52.
Qc5+ Kg7 53. d6 Qh1+ 54. Kd4 1-0

[Event "Dr. Hetenyi Geza Memorial, GMB"]
[Site "Budapest"]
[Date "2017.12.18"]
[Round "6.5"]
[White "Kosic, Dragan"]
[Black "Bokros, Albert"]
[Result "1-0"]
[WhiteElo "2454"]
[BlackElo "2483"]
[PlyCount "87"]
[EventDate "2017.12.12"]
[EventType "tourn"]
[EventRounds "9"]
[EventCountry "HUN"]
[EventCategory "8"]

1. d4 Nf6 2. Nf3 e6 3. Bf4 b6 4. e3 Bb7 5. Nbd2 Be7 6. h3 O-O 7. Bd3 c5 8. O-O
d6 9. Bh2 a6 10. a4 Nc6 11. Re1 d5 12. c3 c4 13. Bb1 b5 14. e4 b4 15. e5 Nd7
16. Qe2 Re8 17. Bg3 f5 18. exf6 Bxf6 19. Ne5 Ncxe5 20. dxe5 Be7 21. Qg4 Nf8 22.
Bf4 Bc5 23. a5 bxc3 24. bxc3 Bc6 25. Nf3 Qd7 26. Bc2 Rab8 27. Be3 Bxe3 28. Rxe3
Re7 29. Nd4 Qc7 30. f4 Be8 31. f5 exf5 32. Nxf5 Re6 33. Rae1 Bg6 34. Nd4 Re7
35. Bxg6 Nxg6 36. e6 Rf8 37. Qg5 Qc5 38. Kh1 Ree8 39. Nf5 Rf6 40. h4 Qf8 41. e7
Qf7 42. Rf3 Re6 43. Rxe6 Qxe6 44. h5 1-0

[Event "Dr. Hetenyi Geza Memorial, GMB"]
[Site "Budapest"]
[Date "2017.12.19"]
[Round "7.1"]
[White "Bokros, Albert"]
[Black "Galyas, Miklos"]
[Result "1-0"]
[WhiteElo "2483"]
[BlackElo "2480"]
[PlyCount "143"]
[EventDate "2017.12.12"]
[EventType "tourn"]
[EventRounds "9"]
[EventCountry "HUN"]
[EventCategory "8"]

1. e4 d6 2. d4 Nf6 3. Nc3 g6 4. g3 Bg7 5. Bg2 O-O 6. Nge2 e5 7. O-O c6 8. a4 a5
9. h3 Na6 10. Be3 Nb4 11. f4 exd4 12. Nxd4 Re8 13. Bf2 Qc7 14. Qd2 b6 15. g4
Ba6 16. Rfe1 Nd7 17. Rad1 Nc5 18. b3 Rad8 19. g5 Ne6 20. Nce2 d5 21. e5 c5 22.
Nb5 Bxb5 23. axb5 d4 24. Ng3 Nxc2 25. Qxc2 Nxf4 26. Ne4 Bxe5 27. Qc4 Qc8 28.
Qf1 Qf5 29. Bg3 Kh8 30. Nf6 Bxf6 31. Qxf4 Qxg5 32. Qxg5 Bxg5 33. Bc7 Rxe1+ 34.
Rxe1 Rc8 35. Bxb6 Rb8 36. Bxc5 Rxb5 37. Bxd4+ f6 38. Rb1 Kg7 39. Bf1 Rd5 40.
Bc3 Be3+ 41. Kg2 Bd2 42. Bxd2 Rxd2+ 43. Kf3 Rd5 44. Rc1 h5 45. Rc7+ Kh6 46. Bc4
Rf5+ 47. Kg3 Rg5+ 48. Kh2 h4 49. Rd7 Rc5 50. Rd5 Rxd5 51. Bxd5 Kg5 52. Bf7 f5
53. Kg2 Kf6 54. Be8 g5 55. Bd7 Ke5 56. Kf3 Kf6 57. Bc8 Ke5 58. Ke3 f4+ 59. Kd3
Kd5 60. Bg4 Kc5 61. Bd1 Kd5 62. Bf3+ Kc5 63. Bg4 Kb4 64. Bd1 Kc5 65. Ke4 Kb4
66. Kf5 f3 67. Bxf3 Kxb3 68. Kxg5 Kc4 69. Kxh4 Kd4 70. Kg5 Ke5 71. h4 Ke6 72.
Kg6 1-0

[Event "Dr. Hetenyi Geza Memorial, GMB"]
[Site "Budapest"]
[Date "2017.12.19"]
[Round "7.2"]
[White "Sredojevic, Ivan"]
[Black "Kosic, Dragan"]
[Result "1/2-1/2"]
[WhiteElo "2376"]
[BlackElo "2454"]
[PlyCount "62"]
[EventDate "2017.12.12"]
[EventType "tourn"]
[EventRounds "9"]
[EventCountry "HUN"]
[EventCategory "8"]

1. e4 e6 2. d4 d5 3. exd5 exd5 4. Bd3 Nc6 5. c3 Bd6 6. Ne2 Nf6 7. Bf4 Bxf4 8.
Nxf4 Qe7+ 9. Qe2 Qxe2+ 10. Nxe2 Ne7 11. Nd2 Bf5 12. Bxf5 Nxf5 13. O-O O-O 14.
Rfe1 Rfe8 15. Nf4 Rxe1+ 16. Rxe1 c6 17. Nd3 Re8 18. Rxe8+ Nxe8 19. f3 h5 20.
Kf2 Nfd6 21. Ke2 Kf8 22. Nf4 Nf6 23. Nd3 Ke7 24. Nf1 h4 25. Ne3 g6 26. g3 hxg3
27. hxg3 g5 28. Ne5 Nd7 29. Nxd7 Kxd7 30. g4 Ke6 31. Kd3 f6 1/2-1/2

[Event "Dr. Hetenyi Geza Memorial, GMB"]
[Site "Budapest"]
[Date "2017.12.19"]
[Round "7.3"]
[White "Jakab, Attila"]
[Black "Czebe, Attila"]
[Result "0-1"]
[WhiteElo "2358"]
[BlackElo "2451"]
[PlyCount "60"]
[EventDate "2017.12.12"]
[EventType "tourn"]
[EventRounds "9"]
[EventCountry "HUN"]
[EventCategory "8"]

1. d4 d6 2. c4 e5 3. d5 g6 4. e4 h5 5. h4 Bh6 6. Nc3 Kf8 7. g3 a5 8. Bh3 Na6 9.
Qe2 Kg7 10. Be3 Bxe3 11. Qxe3 Bxh3 12. Nxh3 Qd7 13. f4 Nf6 14. f5 Ng4 15. Qf3
gxf5 16. O-O f6 17. exf5 Nc5 18. Nf2 Nxf2 19. Rxf2 Rag8 20. Re1 Kf8 21. Ne4
Nxe4 22. Rxe4 Rg7 23. Rg2 Rhg8 24. Qxh5 Rxg3 25. Rxg3 Rxg3+ 26. Kf2 Qg7 27. Ke1
Rg2 28. Kd1 b6 29. Kc1 Ke7 30. a3 Qg3 0-1

[Event "Dr. Hetenyi Geza Memorial, GMB"]
[Site "Budapest"]
[Date "2017.12.19"]
[Round "7.4"]
[White "Sedlak, Nikola"]
[Black "Martini, Balazs"]
[Result "1-0"]
[WhiteElo "2552"]
[BlackElo "2345"]
[PlyCount "43"]
[EventDate "2017.12.12"]
[EventType "tourn"]
[EventRounds "9"]
[EventCountry "HUN"]
[EventCategory "8"]

1. d4 Nf6 2. Bg5 c5 3. Bxf6 gxf6 4. d5 f5 5. c4 Bg7 6. Nc3 d6 7. e3 Nd7 8. Qc2
Nf6 9. Bd3 a6 10. Bxf5 Bxf5 11. Qxf5 b5 12. Nf3 Rb8 13. Nd2 bxc4 14. Nxc4 Rb4
15. Qd3 Qd7 16. O-O Qg4 17. f4 h5 18. Rae1 Qh4 19. Re2 Ng4 20. h3 Nh6 21. Ne4
Nf5 22. Kh2 1-0

[Event "Dr. Hetenyi Geza Memorial, GMB"]
[Site "Budapest"]
[Date "2017.12.19"]
[Round "7.5"]
[White "Gonda, Laszlo"]
[Black "Paschall, William"]
[Result "1-0"]
[WhiteElo "2507"]
[BlackElo "2370"]
[PlyCount "87"]
[EventDate "2017.12.12"]
[EventType "tourn"]
[EventRounds "9"]
[EventCountry "HUN"]
[EventCategory "8"]

1. d4 Nf6 2. c4 e6 3. Nf3 c5 4. d5 b5 5. dxe6 fxe6 6. cxb5 a6 7. bxa6 d5 8. g3
Nc6 9. Bg2 Rxa6 10. O-O Be7 11. Nc3 O-O 12. Bg5 h6 13. Bf4 Nh5 14. Bd2 Qe8 15.
Rc1 Nf6 16. b3 Nb4 17. a4 Rb6 18. a5 Ra6 19. Na4 Rxa5 20. Bxb4 cxb4 21. Ne5 Bd7
22. Nxd7 Qxd7 23. Qd4 Ra6 24. Nc5 Bxc5 25. Rxc5 Ra2 26. Bf3 Qb7 27. Qe5 Re8 28.
Rc7 Qb8 29. Rfc1 Ra7 30. Qd6 Rxc7 31. Rxc7 Kh8 32. Qc6 e5 33. Rb7 Qa8 34. Bxd5
Rc8 35. Rc7 Qa1+ 36. Kg2 Rd8 37. Rc8 Rxc8 38. Qxc8+ Kh7 39. Qf5+ Kh8 40. Qc8+
Kh7 41. Be6 h5 42. Bf5+ g6 43. Qf8 gxf5 44. Qf7+ 1-0

[Event "Dr. Hetenyi Geza Memorial, GMB"]
[Site "Budapest"]
[Date "2017.12.20"]
[Round "8.1"]
[White "Galyas, Miklos"]
[Black "Paschall, William"]
[Result "1-0"]
[WhiteElo "2480"]
[BlackElo "2370"]
[PlyCount "80"]
[EventDate "2017.12.12"]
[EventType "tourn"]
[EventRounds "9"]
[EventCountry "HUN"]
[EventCategory "8"]

1. d4 Nf6 2. Nf3 g6 3. c4 Bg7 4. Nc3 O-O 5. e4 d6 6. h3 c6 7. Bg5 Qa5 8. Bd3 e5
9. d5 cxd5 10. cxd5 Bd7 11. a3 Rc8 12. O-O Na6 13. b4 Qd8 14. Rc1 Nc7 15. Nd2
Nce8 16. Be2 Bf8 17. Qb3 Be7 18. Be3 Ng7 19. Nc4 Nfe8 20. Na5 Rcb8 21. Nb1 Bg5
22. Nd2 f5 23. exf5 Bxe3 24. fxe3 gxf5 25. Nf3 Qb6 26. Ng5 Ba4 27. Qd3 Bb5 28.
Qd2 Rc8 29. Kh2 Bxe2 30. Qxe2 Qd8 31. Ne6 Qd7 32. e4 Rxc1 33. Rxc1 Nxe6 34.
dxe6 Qxe6 35. Nxb7 fxe4 36. Qxe4 Nf6 37. Qc6 Ng4+ 38. Kg1 Qh6 39. Rc3 Nf6 40.
Nxd6 Qf4 1-0

[Event "Dr. Hetenyi Geza Memorial, GMB"]
[Site "Budapest"]
[Date "2017.12.20"]
[Round "8.2"]
[White "Martini, Balazs"]
[Black "Gonda, Laszlo"]
[Result "0-1"]
[WhiteElo "2345"]
[BlackElo "2507"]
[PlyCount "70"]
[EventDate "2017.12.12"]
[EventType "tourn"]
[EventRounds "9"]
[EventCountry "HUN"]
[EventCategory "8"]

1. d4 Nf6 2. Bf4 d5 3. e3 c5 4. c3 Nc6 5. Nd2 e6 6. Bd3 Bd6 7. Bxd6 Qxd6 8. f4
cxd4 9. cxd4 Bd7 10. a3 Ne7 11. Qe2 Qb6 12. Ngf3 Nf5 13. Ne5 Nd6 14. Nxd7 Nxd7
15. Nf3 Rc8 16. O-O O-O 17. Ne5 Nf6 18. g4 Rc7 19. g5 Nfe4 20. Rf3 Rfc8 21. Rh3
Rc1+ 22. Rxc1 Rxc1+ 23. Kg2 Qb3 24. Rf3 Qd1 25. Qxd1 Rxd1 26. Rf1 Rd2+ 27. Kg1
f6 28. gxf6 gxf6 29. Bxe4 fxe5 30. Bg2 exd4 31. exd4 Rxd4 32. Bh3 Kf7 33. f5 e5
34. Bg2 Kf6 35. Rc1 e4 0-1

[Event "Dr. Hetenyi Geza Memorial, GMB"]
[Site "Budapest"]
[Date "2017.12.20"]
[Round "8.3"]
[White "Czebe, Attila"]
[Black "Sedlak, Nikola"]
[Result "1/2-1/2"]
[WhiteElo "2451"]
[BlackElo "2552"]
[PlyCount "60"]
[EventDate "2017.12.12"]
[EventType "tourn"]
[EventRounds "9"]
[EventCountry "HUN"]
[EventCategory "8"]

1. Nf3 d5 2. g3 Nc6 3. d4 Bf5 4. Bg2 Nb4 5. Na3 e6 6. O-O h6 7. c3 Nc6 8. Nd2
Bxa3 9. bxa3 Nf6 10. Re1 O-O 11. e4 dxe4 12. Nxe4 Nxe4 13. Bxe4 Bxe4 14. Rxe4
b5 15. Qe2 Qd5 16. Bf4 Rac8 17. Re1 Rfe8 18. Bc1 Rcd8 19. Rh4 e5 20. Rh5 Qc4
21. Qxc4 bxc4 22. dxe5 Nxe5 23. Rhxe5 Rxe5 24. Rxe5 Rd1+ 25. Kg2 Rxc1 26. Re8+
Kh7 27. Ra8 Rxc3 28. Rxa7 f6 29. Rxc7 Rxa3 30. Rxc4 Rxa2 1/2-1/2

[Event "Dr. Hetenyi Geza Memorial, GMB"]
[Site "Budapest"]
[Date "2017.12.20"]
[Round "8.4"]
[White "Kosic, Dragan"]
[Black "Jakab, Attila"]
[Result "1/2-1/2"]
[WhiteElo "2454"]
[BlackElo "2358"]
[PlyCount "61"]
[EventDate "2017.12.12"]
[EventType "tourn"]
[EventRounds "9"]
[EventCountry "HUN"]
[EventCategory "8"]

1. d4 Nf6 2. Nf3 e6 3. Bg5 Be7 4. Nbd2 b6 5. e4 Bb7 6. Bd3 d5 7. e5 Ne4 8. Be3
Nxd2 9. Nxd2 Ba6 10. c4 O-O 11. Qc2 Nc6 12. a3 dxc4 13. Bxh7+ Kh8 14. Be4 Nxd4
15. Bxd4 Qxd4 16. Nf3 Qc5 17. Bxa8 Rxa8 18. O-O Bb7 19. Rad1 Bxf3 20. gxf3 Qxe5
21. Qxc4 Qxb2 22. Qxc7 Qxa3 23. Qc6 Rf8 24. Ra1 Qc5 25. Qxc5 Bxc5 26. Rxa7 g5
27. Rd1 Kg7 28. Rdd7 Kg6 29. Kf1 f6 30. Ke2 Kf5 31. Rf7 1/2-1/2

[Event "Dr. Hetenyi Geza Memorial, GMB"]
[Site "Budapest"]
[Date "2017.12.20"]
[Round "8.5"]
[White "Bokros, Albert"]
[Black "Sredojevic, Ivan"]
[Result "1-0"]
[WhiteElo "2483"]
[BlackElo "2376"]
[PlyCount "81"]
[EventDate "2017.12.12"]
[EventType "tourn"]
[EventRounds "9"]
[EventCountry "HUN"]
[EventCategory "8"]

1. e4 c5 2. Nf3 d6 3. d4 cxd4 4. Qxd4 Nc6 5. Bb5 Bd7 6. Bxc6 Bxc6 7. Nc3 Nf6 8.
Bg5 e6 9. O-O-O Be7 10. Rhe1 O-O 11. Qd2 Qc7 12. Nd4 Rfd8 13. f3 a6 14. g4 b5
15. Nxc6 Qxc6 16. Ne2 Rac8 17. Nd4 Qc7 18. h4 b4 19. Kb1 a5 20. Be3 a4 21. g5
Nd7 22. h5 Ne5 23. b3 Qb7 24. f4 axb3 25. axb3 Qa6 26. Qe2 Nc4 27. bxc4 Rxc4
28. Bc1 Ra8 29. Bb2 b3 30. Rd3 bxc2+ 31. Kc1 Qa2 32. Nxc2 d5 33. exd5 Bd6 34.
Rd4 Rxd4 35. Bxd4 Rc8 36. Qd3 Ba3+ 37. Kd1 Qb1+ 38. Kd2 Bb4+ 39. Nxb4 Qxb4+ 40.
Ke2 exd5 41. Kf2 1-0

[Event "Dr. Hetenyi Geza Memorial, GMB"]
[Site "Budapest"]
[Date "2017.12.21"]
[Round "9.1"]
[White "Sredojevic, Ivan"]
[Black "Galyas, Miklos"]
[Result "1/2-1/2"]
[WhiteElo "2376"]
[BlackElo "2480"]
[PlyCount "59"]
[EventDate "2017.12.12"]
[EventType "tourn"]
[EventRounds "9"]
[EventCountry "HUN"]
[EventCategory "8"]

1. e4 e6 2. d4 d5 3. exd5 exd5 4. Bd3 Bd6 5. Qe2+ Qe7 6. Qxe7+ Nxe7 7. Ne2 Bf5
8. Bxf5 Nxf5 9. c3 c6 10. Bf4 Bxf4 11. Nxf4 Nd7 12. Nd2 f6 13. f3 Kf7 14. Kf2
Rhe8 15. Rhe1 Rxe1 16. Rxe1 Re8 17. Rxe8 Kxe8 18. Nd3 Nd6 19. Nf1 Kf7 20. Ne3
Nf8 21. Nf4 Ne6 22. Nxe6 Kxe6 23. Ke2 Nf5 24. Kd3 Nxe3 25. Kxe3 g5 26. g4 h6
27. h3 Kd6 28. Kd3 Ke6 29. Ke3 Kd6 30. Kd3 1/2-1/2

[Event "Dr. Hetenyi Geza Memorial, GMB"]
[Site "Budapest"]
[Date "2017.12.21"]
[Round "9.2"]
[White "Jakab, Attila"]
[Black "Bokros, Albert"]
[Result "1/2-1/2"]
[WhiteElo "2358"]
[BlackElo "2483"]
[PlyCount "85"]
[EventDate "2017.12.12"]
[EventType "tourn"]
[EventRounds "9"]
[EventCountry "HUN"]
[EventCategory "8"]

1. d4 Nf6 2. c4 b6 3. Nc3 Bb7 4. Nf3 e6 5. e3 Be7 6. Bd3 O-O 7. O-O d5 8. Qe2
c5 9. Rd1 cxd4 10. Nxd4 Nbd7 11. cxd5 Nxd5 12. Bd2 Nc5 13. Bc4 Bf6 14. Nxd5
Bxd5 15. Bb4 Bxc4 16. Qxc4 Qc7 17. Rac1 Rac8 18. Nb5 Qb8 19. Nd6 Rcd8 20. Ne4
Bxb2 21. Rb1 Nxe4 22. Bxf8 Nd2 23. Be7 Rd5 24. Qb4 Nxb1 25. Rxd5 exd5 26. Qxb2
Qe8 27. Bb4 Qe4 28. Qb3 d4 29. exd4 h6 30. Kf1 a5 31. Be1 a4 32. Qxa4 Qd3+ 33.
Kg1 Nd2 34. Qe8+ Kh7 35. Bxd2 Qxd2 36. Qe4+ g6 37. h4 Qxa2 38. d5 Qa1+ 39. Kh2
Qf6 40. h5 Qd6+ 41. g3 Kg7 42. hxg6 fxg6 43. Qd3 1/2-1/2

[Event "Dr. Hetenyi Geza Memorial, GMB"]
[Site "Budapest"]
[Date "2017.12.21"]
[Round "9.3"]
[White "Sedlak, Nikola"]
[Black "Kosic, Dragan"]
[Result "1/2-1/2"]
[WhiteElo "2552"]
[BlackElo "2454"]
[PlyCount "61"]
[EventDate "2017.12.12"]
[EventType "tourn"]
[EventRounds "9"]
[EventCountry "HUN"]
[EventCategory "8"]

1. d4 e6 2. c4 d5 3. Nc3 c5 4. e3 Nf6 5. Nf3 Nc6 6. a3 a6 7. dxc5 Bxc5 8. b4
Ba7 9. Bb2 dxc4 10. Qxd8+ Kxd8 11. Bxc4 Ke7 12. Bd3 Rd8 13. Ke2 e5 14. Ng5 h6
15. Nge4 Be6 16. Rac1 Rd7 17. b5 axb5 18. Bxb5 Rad8 19. Rhd1 Rxd1 20. Rxd1 Rxd1
21. Kxd1 Nxe4 22. Nxe4 Bd5 23. Bd3 f5 24. Nc3 Be6 25. Ke2 Bc5 26. Nb1 g6 27.
Nd2 e4 28. Bb5 Bd6 29. h4 Be5 30. Bxc6 Bxb2 31. Bxb7 1/2-1/2

[Event "Dr. Hetenyi Geza Memorial, GMB"]
[Site "Budapest"]
[Date "2017.12.21"]
[Round "9.4"]
[White "Gonda, Laszlo"]
[Black "Czebe, Attila"]
[Result "1/2-1/2"]
[WhiteElo "2507"]
[BlackElo "2451"]
[PlyCount "61"]
[EventDate "2017.12.12"]
[EventType "tourn"]
[EventRounds "9"]
[EventCountry "HUN"]
[EventCategory "8"]

1. d4 d6 2. Nf3 g6 3. g3 Bg7 4. Bg2 c5 5. O-O cxd4 6. Nxd4 Qc7 7. b3 Nh6 8. Bb2
Nf5 9. Nb5 Qb6 10. Bxg7 Nxg7 11. N1c3 O-O 12. a4 Na6 13. Qd4 Qxd4 14. Nxd4 Nb4
15. a5 Rb8 16. Ra4 Na6 17. Nd5 Re8 18. Rc4 Be6 19. Nxe6 Nxe6 20. f4 Nec5 21.
Rf3 Kf8 22. Rfc3 b5 23. axb6 axb6 24. b4 b5 25. Rd4 Ne6 26. Rdd3 Rec8 27. Rxc8+
Rxc8 28. Ra3 Nec7 29. Nxc7 Nxc7 30. Rc3 Ke8 31. Bb7 1/2-1/2

[Event "Dr. Hetenyi Geza Memorial, GMB"]
[Site "Budapest"]
[Date "2017.12.21"]
[Round "9.5"]
[White "Paschall, William"]
[Black "Martini, Balazs"]
[Result "1/2-1/2"]
[WhiteElo "2370"]
[BlackElo "2345"]
[PlyCount "60"]
[EventDate "2017.12.12"]
[EventType "tourn"]
[EventRounds "9"]
[EventCountry "HUN"]
[EventCategory "8"]

1. g3 e5 2. c4 Nc6 3. Nc3 g6 4. Bg2 Bg7 5. e3 d6 6. Nge2 Nge7 7. d3 O-O 8. O-O
Be6 9. Nd5 Nf5 10. Rb1 Qd7 11. b4 Nd8 12. b5 c6 13. Ndc3 Re8 14. bxc6 bxc6 15.
Qa4 Ne7 16. Ba3 Nc8 17. d4 Bf5 18. Rbd1 Nb6 19. Qb4 exd4 20. exd4 d5 21. cxd5
cxd5 22. Qb3 Nc6 23. Bc5 Na5 24. Qa3 Nac4 25. Qb3 Rab8 26. Nf4 Bg4 27. Rd3 Bf5
28. Rdd1 Bg4 29. Rd3 Bf5 30. Rdd1 Bg4 1/2-1/2